| 000 | 00414nam a2200157 a 4500 | ||
|---|---|---|---|
| 001 | 000009018 | ||
| 005 | 20200929161450.0 | ||
| 008 | 090923s1977 dr 001 0 spa d | ||
| 040 | _aDO-SdBNP | ||
| 082 |
_axxx _bL473a |
||
| 100 | 1 |
_aLedesma, Luis Octavio _923651 |
|
| 245 | 1 | 0 |
_aAnálisis de una política / _cLuis Octavio Ledesma. |
| 260 |
_aBaní : _bTaina, _c1977. |
||
| 300 |
_a33 p. ; _c19 cm. |
||
| 049 | _aBNPD | ||
| 999 |
_c8782 _d8782 |
||